[Event "CZE-chT2A 1617"]
[Site "Czech Republic"]
[Date "2016.11.27"]
[Round "4.8"]
[White "Straka, Jaroslav1111"]
[Black "Most, Zdenek"]
[Result "1-0"]
[WhiteElo "1903"]
[BlackElo "2018"]
[PlyCount "137"]
[EventDate "2016.10.09"]
[EventType "team-tourn"]
[EventRounds "11"]
[EventCountry "CZE"]
[SourceTitle "EXT 2022"]
[Source "ChessBase"]
[SourceDate "2021.10.06"]
[SourceVersion "1"]
[SourceVersionDate "2021.10.06"]
[SourceQuality "1"]
[WhiteTeam "Pankrac II"]
[BlackTeam "Karlovy Vary Tietz II"]
[WhiteTeamCountry "CZE"]
[BlackTeamCountry "CZE"]

1. d4 Nf6 2. c4 g6 3. Nc3 d5 4. cxd5 Nxd5 5. e4 Nxc3 6. bxc3 Bg7 7. Bc4 c5 8. Ne2 Nc6 9. Be3 cxd4 10. cxd4 Qa5+ 11. Kf1 0-0 12. Qb3 b6 13. f3 Ba6 14. Rc1 Rac8 15. Kf2 Bxc4 16. Rxc4 Qa6 17. Rcc1 Rfd8 18. Rhd1 e6 19. d5 Na5 20. Qa4 exd5 21. exd5 Rc4 22. Qa3 Qc8 23. Qd3 Rxc1 24. Rxc1 Qd7 25. Bf4 Bf8 26. Nc3 Bc5+ 27. Kf1 Bd6 28. Ne4 Qf5 29. Bxd6 Rxd6 30. g4 Rxd5 31. Nf6+ Qxf6 32. Qxd5 Kg7 33. Rc2 b5 34. Kf2 Nc4 35. Re2 a6 36. Qe4 h6 37. Kg3 Qa1 38. Kg2 Qf6 39. Qd5 Qf4 40. Qd3 a5 41. a4 bxa4 42. Qc3+ f6 43. Re4 Qd2+ 44. Qxd2 Nxd2 45. Rxa4 g5 46. Kf2 Kg6 47. Ke3 Nb3 48. Ra3 Nc5 49. Rxa5 Ne6 50. Rf5 h5 51. Ke4 hxg4 52. fxg4 Ng7 53. Rf3 Ne6 54. Rc3 Kf7 55. Rc6 Ng7 56. Rc7+ Kg6 57. Re7 Kh6 58. Rf7 Kg6 59. Rf8 Ne6 60. Rc8 Kf7 61. Rc6 Ng7 62. Kd5 Kg6 63. Rc7 Ne8 64. Re7 Ng7 65. Ra7 Ne8 66. Ke6 Ng7+ 67. Ke7 f5 68. Ra6+ Kh7 69. Kf6 1-0

[Event "CZE-ch Seniors 70"]
[Site "Rychnov nad Kneznou"]
[Date "2015.08.20"]
[Round "6"]
[White "Most, Zdenek"]
[Black "Pojedziniec, Wladyslaw"]
[Result "1/2-1/2"]
[WhiteElo "2033"]
[BlackElo "2048"]
[PlyCount "23"]
[EventDate "2015.08.15"]
[EventType "swiss"]
[EventRounds "9"]
[EventCountry "CZE"]
[SourceTitle "EXT 2016"]
[Source "ChessBase"]
[SourceDate "2015.10.08"]
[SourceVersion "1"]
[SourceVersionDate "2015.10.08"]
[SourceQuality "1"]

1. d4 d5 2. Nf3 Nf6 3. g3 c6 4. Bg2 Bf5 5. 0-0 e6 6. c4 Nbd7 7. cxd5 exd5 8. Nc3 h6 9. a3 Bd6 10. Nd2 0-0 11. b4 Re8 12. b5 1/2-1/2

[Event "CZE-ch Seniors 70"]
[Site "Rychnov nad Kneznou"]
[Date "2015.08.16"]
[Round "2"]
[White "Glembek, Bohumir"]
[Black "Most, Zdenek"]
[Result "0-1"]
[WhiteElo "1817"]
[BlackElo "2033"]
[PlyCount "44"]
[EventDate "2015.08.15"]
[EventType "swiss"]
[EventRounds "9"]
[EventCountry "CZE"]
[SourceTitle "EXT 2016"]
[Source "ChessBase"]
[SourceDate "2015.10.08"]
[SourceVersion "1"]
[SourceVersionDate "2015.10.08"]
[SourceQuality "1"]

1. d4 Nf6 2. c4 g6 3. Nc3 d5 4. cxd5 Nxd5 5. e4 Nxc3 6. bxc3 Bg7 7. Bc4 c5 8. Ne2 Nc6 9. Be3 cxd4 10. cxd4 Qa5+ 11. Bd2 Qc7 12. Rc1 0-0 13. 0-0 e6 14. Be3 Qd6 15. d5 exd5 16. Bxd5 Rd8 17. Bxc6 bxc6 18. Qxd6 Rxd6 19. Bc5 Re6 20. Ng3 Ba6 21. Rfd1 Bb5 22. Bxa7 Rxa7 0-1

[Event "Rychnov Seniors op"]
[Site "Rychnov nad Kneznou"]
[Date "2012.08.23"]
[Round "4"]
[White "Most, Zdenek"]
[Black "Karlik, Vladimir"]
[Result "1/2-1/2"]
[WhiteElo "2055"]
[BlackElo "2312"]
[PlyCount "87"]
[EventDate "2012.08.20"]
[EventType "swiss"]
[EventRounds "9"]
[EventCountry "CZE"]
[SourceTitle "CBM 150 Extra"]
[Source "ChessBase"]
[SourceDate "2012.10.19"]
[SourceVersion "1"]
[SourceVersionDate "2012.10.19"]
[SourceQuality "1"]

1. d4 g6 2. e4 Bg7 3. Nc3 c6 4. Nf3 d6 5. Be2 Nf6 6. 0-0 0-0 7. Re1 Nbd7 8. h3 Qc7 9. Bf1 e5 10. dxe5 dxe5 11. Be3 b5 12. a3 Bb7 13. Nd2 a6 14. g4 Rfd8 15. Qe2 Nf8 16. f3 Ne6 17. Nb3 Nd4 18. Qf2 c5 19. Rad1 Rd7 20. Rd2 h5 21. Bg2 hxg4 22. hxg4 Nh7 23. Red1 Rad8 24. Ne2 Nf8 25. Ng3 Nfe6 26. Nc1 Nf4 27. c3 Nde6 28. Nf1 Bf6 29. Rxd7 Rxd7 30. Rxd7 Qxd7 31. Qd2 Qe7 32. Ne2 Nxe2+ 33. Qxe2 c4 34. Qd2 Nc5 35. Ng3 Qd7 36. Qxd7 Nxd7 37. Bf1 Be7 38. Kf2 Nc5 39. Be2 Na4 40. Bc1 Bh4 41. Kg2 f6 42. Bd1 Nc5 43. Bc2 Kf7 44. Kh3 1/2-1/2

[Event "Marianske Lazne op 11th"]
[Site "Marianske Lazne"]
[Date "2012.01.24"]
[Round "4"]
[White "Kreyssig, Robert"]
[Black "Most, Zdenek"]
[Result "1-0"]
[WhiteElo "1895"]
[BlackElo "2095"]
[PlyCount "99"]
[EventDate "2012.01.21"]
[EventType "swiss"]
[EventRounds "9"]
[EventCountry "CZE"]
[SourceTitle "CBM 146 Extra"]
[Source "ChessBase"]
[SourceDate "2012.02.29"]
[SourceVersion "1"]
[SourceVersionDate "2012.02.29"]
[SourceQuality "1"]

1. d4 Nf6 2. c4 g6 3. Nc3 Bg7 4. e4 d6 5. f3 c6 6. Be3 Nbd7 7. Nh3 e5 8. d5 cxd5 9. cxd5 0-0 10. Qd2 a6 11. 0-0-0 Nb6 12. Nf2 Qc7 13. Kb1 Bd7 14. Rc1 Rac8 15. g4 Na4 16. Be2 Qa5 17. Nxa4 Qxd2 18. Bxd2 Bxa4 19. Bb4 Rcd8 20. Rc7 Rd7 21. Rxd7 Nxd7 22. b3 Bb5 23. Bxb5 axb5 24. Bxd6 Rc8 25. Rc1 Rxc1+ 26. Kxc1 Bh6+ 27. Kc2 Be3 28. Nd1 Bd4 29. Nc3 Kg7 30. Nxb5 Bg1 31. h3 Kf6 32. f4 Bh2 33. fxe5+ Bxe5 34. Kd3 Kg5 35. Bxe5 Nxe5+ 36. Kd4 f6 37. Nd6 b6 38. Nc4 Nd7 39. e5 fxe5+ 40. Nxe5 Nf8 41. d6 Kh4 42. d7 Ne6+ 43. Kd5 Nd8 44. Kd6 Kxh3 45. Ke7 Nb7 46. g5 Kh4 47. Kf6 Kg3 48. Nf7 b5 49. d8Q Nxd8 50. Nxd8 1-0

[Event "Rychnov op"]
[Site "Rychnov nad Kneznou"]
[Date "2010.08.28"]
[Round "6"]
[White "Most, Zdenek"]
[Black "Tejkal, Jiri"]
[Result "1/2-1/2"]
[WhiteElo "2139"]
[BlackElo "1961"]
[PlyCount "73"]
[EventDate "2010.08.23"]
[EventType "swiss"]
[EventRounds "7"]
[EventCountry "CZE"]
[SourceTitle "CBM 138 Extra"]
[Source "ChessBase"]
[SourceDate "2010.10.29"]
[SourceVersion "1"]
[SourceVersionDate "2010.10.29"]
[SourceQuality "1"]

1. d4 d5 2. Nf3 Nf6 3. g3 c6 4. Bg2 Bf5 5. 0-0 e6 6. c4 Nbd7 7. Nc3 h6 8. b3 Ne4 9. Bb2 Nxc3 10. Bxc3 Be4 11. Ne1 Bxg2 12. Nxg2 Bd6 13. Qd3 Nf6 14. f3 0-0 15. Rad1 Bc7 16. e4 Qd7 17. Ne3 Rad8 18. e5 dxc4 19. Nxc4 Nd5 20. Bb2 b5 21. Nd2 Bb6 22. Ne4 a5 23. f4 Qa7 24. Nd6 Bc7 25. Ne4 Bb6 26. Rf2 c5 27. Nd6 Nb4 28. Qe4 Qa6 29. a3 Nd5 30. Qd3 cxd4 31. Bxd4 Bxd4 32. Qxd4 b4 33. axb4 axb4 34. f5 Qc6 35. f6 g6 36. h4 Qc3 37. Kh2 1/2-1/2

[Event "Rychnov op"]
[Site "Rychnov nad Kneznou"]
[Date "2010.08.23"]
[Round "1"]
[White "Mathon, Dimitrij"]
[Black "Most, Zdenek"]
[Result "0-1"]
[WhiteElo "1765"]
[BlackElo "2139"]
[PlyCount "94"]
[EventDate "2010.08.23"]
[EventType "swiss"]
[EventRounds "7"]
[EventCountry "CZE"]
[SourceTitle "CBM 138 Extra"]
[Source "ChessBase"]
[SourceDate "2010.10.29"]
[SourceVersion "1"]
[SourceVersionDate "2010.10.29"]
[SourceQuality "1"]

1. d4 Nf6 2. Nf3 g6 3. Bf4 Bg7 4. h3 0-0 5. e3 d6 6. Be2 a6 7. 0-0 c6 8. Nbd2 Nbd7 9. c3 Qc7 10. Qc2 e5 11. Bh2 Re8 12. dxe5 dxe5 13. Rad1 b5 14. a4 Bb7 15. Ng5 Nc5 16. axb5 cxb5 17. Bf3 Bxf3 18. Ngxf3 Nfd7 19. Ne4 Qc6 20. Rd6 Qxe4 21. Qxe4 Nxe4 22. Rxd7 f6 23. Rfd1 Nc5 24. R7d2 Ra7 25. g4 g5 26. Ne1 Ree7 27. Nc2 Red7 28. Nb4 Rxd2 29. Rxd2 Kf7 30. f4 gxf4 31. exf4 e4 32. Nc6 Rd7 33. Rxd7+ Nxd7 34. Nb4 Nc5 35. Kf1 a5 36. Nc6 Nd3 37. Nxa5 Nxb2 38. Bg1 f5 39. Bd4 Bxd4 40. cxd4 Nd3 41. gxf5 Nxf4 42. h4 Kf6 43. Nb7 b4 44. Nd6 e3 45. Ke1 b3 46. Nc4 h5 47. Nb2 Kxf5 0-1

[Event "Karlovy Vary op"]
[Site "Karlovy Vary"]
[Date "2009.05.02"]
[Round "5"]
[White "Most, Zdenek"]
[Black "Dusbaba, Karel"]
[Result "0-1"]
[WhiteElo "2134"]
[BlackElo "2041"]
[PlyCount "78"]
[EventDate "2009.04.29"]
[EventType "swiss"]
[EventRounds "7"]
[EventCountry "CZE"]
[SourceTitle "CBM 130 Extra"]
[Source "ChessBase"]
[SourceDate "2009.07.02"]
[SourceVersion "2"]
[SourceVersionDate "2009.07.15"]
[SourceQuality "1"]

1. d4 e6 2. Nf3 d5 3. g3 c5 4. Bg2 Nc6 5. 0-0 cxd4 6. Nxd4 Nge7 7. Nb3 Ng6 8. c3 Be7 9. N1d2 0-0 10. e4 dxe4 11. Nxe4 Qc7 12. Qe2 b6 13. h4 a5 14. h5 Ba6 15. c4 Nge5 16. Bf4 Rac8 17. Ned2 Bd6 18. a4 Nb4 19. h6 Nxc4 20. hxg7 Rfd8 21. Ne4 Bxf4 22. Nf6+ Kxg7 23. Nh5+ Kf8 24. Nxf4 Nd2 25. Qh5 Bxf1 26. Qh6+ Ke8 27. Bxf1 Nxf1 28. Rxf1 Nd5 29. Qxh7 Nf6 30. Qh4 Qe5 31. Nc1 Nd5 32. Ncd3 Qf6 33. Qh3 Nxf4 34. Nxf4 Ke7 35. Re1 Rc5 36. Qh7 Rd6 37. Qg8 Rg5 38. Qc8 Qxf4 39. Rc1 Rd7 0-1

[Event "Marianske Lazne op"]
[Site "Marianske Lazne"]
[Date "2008.01.21"]
[Round "3"]
[White "Most, Zdenek"]
[Black "Urkedal, Frode Olav Olsen"]
[Result "0-1"]
[WhiteElo "2165"]
[BlackElo "2264"]
[PlyCount "72"]
[EventDate "2008.01.19"]
[EventType "swiss"]
[EventRounds "9"]
[EventCountry "CZE"]
[SourceTitle "CBM 122 Extra"]
[Source "ChessBase"]
[SourceDate "2008.03.04"]
[SourceVersion "1"]
[SourceVersionDate "2008.03.04"]
[SourceQuality "1"]

1. d4 Nf6 2. Nf3 c5 3. g3 cxd4 4. Nxd4 d5 5. Bg2 e5 6. Nb3 h6 7. 0-0 Nc6 8. N1d2 Be7 9. c3 0-0 10. Nf3 Bg4 11. h3 Be6 12. Be3 Qc8 13. Kh2 Ne4 14. Nfd2 Ng5 15. Bxg5 Bxg5 16. e4 dxe4 17. Nxe4 Rd8 18. Qh5 f6 19. Rfd1 Bf7 20. Qe2 Qc7 21. Rxd8+ Rxd8 22. Rd1 f5 23. Rxd8+ Bxd8 24. Ned2 e4 25. f3 exf3 26. Qxf3 Qe5 27. Qd3 Be7 28. Nd4 Nxd4 29. cxd4 Qe1 30. d5 f4 31. Nf1 fxg3+ 32. Nxg3 Bd6 33. Qc3 Qf2 34. Qc8+ Kh7 35. Qg4 Bf4 36. h4 g6 0-1

[Event "CZE-chT2b 0607"]
[Site "Czech Republic"]
[Date "2007.02.11"]
[Round "7"]
[White "Purnoch, Josef"]
[Black "Most, Zdenek"]
[Result "1/2-1/2"]
[WhiteElo "2184"]
[BlackElo "2161"]
[PlyCount "52"]
[EventDate "2006.10.15"]
[EventType "team"]
[EventRounds "11"]
[EventCountry "CZE"]
[SourceTitle "EXT 2009"]
[Source "ChessBase"]
[SourceDate "2008.11.26"]
[SourceVersion "1"]
[SourceVersionDate "2008.11.26"]
[SourceQuality "1"]

1. d4 d6 2. c4 g6 3. Nc3 Bg7 4. e4 Nc6 5. d5 Ne5 6. f4 Nd7 7. Nf3 c6 8. Bd3 Qa5 9. Bd2 Qc7 10. Rc1 Nh6 11. Qe2 0-0 12. 0-0 Nc5 13. Bb1 Bg4 14. h3 Bxf3 15. Rxf3 f5 16. b4 Nxe4 17. Nxe4 fxe4 18. Bxe4 Nf5 19. Qd3 Rae8 20. Bc3 Bxc3 21. Qxc3 c5 22. Bxf5 Rxf5 23. b5 e5 24. dxe6 Rxe6 25. Re1 Qf7 26. Rxe6 Qxe6 1/2-1/2

[Event "Znojmo op1"]
[Site "Znojmo"]
[Date "2007.??.??"]
[Round "5"]
[White "Blazek, Milos"]
[Black "Most, Zdenek"]
[Result "1/2-1/2"]
[WhiteElo "2090"]
[BlackElo "2085"]
[PlyCount "48"]
[EventDate "2007.01.??"]
[EventType "swiss"]
[EventRounds "9"]
[EventCountry "CZE"]
[SourceTitle "EXT 2010"]
[Source "ChessBase"]
[SourceDate "2010.11.25"]
[SourceVersion "1"]
[SourceVersionDate "2010.11.25"]
[SourceQuality "1"]

1. e4 d6 2. d4 Nf6 3. Nc3 g6 4. Bg5 c6 5. Qd2 b5 6. Bd3 Nbd7 7. Nge2 Qc7 8. 0-0 Bg7 9. f4 Nb6 10. e5 b4 11. exf6 exf6 12. Ne4 fxg5 13. Qxb4 c5 14. dxc5 dxc5 15. Bb5+ Bd7 16. Nxc5 0-0 17. Nxd7 Nxd7 18. Bxd7 Qxd7 19. fxg5 Rab8 20. Qc4 Rfc8 21. Rad1 Qe7 22. Qd3 Qxg5 23. Nc3 Qc5+ 24. Rf2 Bxc3 1/2-1/2

[Event "CZE-chT2a 0405"]
[Site "Czech Republic"]
[Date "2005.03.20"]
[Round "10.2"]
[White "Most, Zdenek"]
[Black "Roj, Miroslav"]
[Result "1-0"]
[WhiteElo "2145"]
[BlackElo "2217"]
[PlyCount "135"]
[EventDate "2004.10.17"]
[EventType "team"]
[EventRounds "11"]
[EventCountry "CZE"]
[SourceTitle "EXT 2007"]
[Source "ChessBase"]
[SourceDate "2006.11.23"]
[SourceVersion "1"]
[SourceVersionDate "2006.11.23"]
[SourceQuality "1"]
[WhiteTeam "Habartov"]
[BlackTeam "Pisek"]
[WhiteTeamCountry "CZE"]
[BlackTeamCountry "CZE"]

1. d4 d6 2. Nf3 Bg4 3. g3 Nd7 4. Bg2 Rb8 5. c4 g6 6. Nc3 Bg7 7. h3 Bxf3 8. Bxf3 c5 9. Be3 a6 10. dxc5 dxc5 11. Qa4 Ngf6 12. Rd1 0-0 13. Bxc5 Nxc5 14. Rxd8 Nxa4 15. Rxb8 Rxb8 16. Nxa4 Nd7 17. 0-0 b6 18. Rc1 e6 19. b3 Bf8 20. e3 Bb4 21. Rd1 Ne5 22. Be4 f5 23. Bg2 b5 24. cxb5 axb5 25. Nb2 Ba3 26. Nd3 Rd8 27. Bf1 Nf7 28. Be2 e5 29. Ne1 Rxd1 30. Bxd1 Nd6 31. Be2 Kg7 32. Nc2 Bc1 33. Kf1 Bd2 34. a4 bxa4 35. bxa4 Ne4 36. Bb5 Ba5 37. Na3 Nd2+ 38. Ke2 Bb4 39. Nc4 Nxc4 40. Bxc4 Kf6 41. f3 g5 42. g4 e4 43. gxf5 Kxf5 44. fxe4+ Ke5 45. Bg8 h6 46. Bh7 Ba5 47. Bg6 Bb6 48. Kd3 Kf6 49. Bh5 Ke5 50. Bf3 Ba5 51. Bg4 Bb6 52. Bh5 Ba5 53. Bg6 Kf6 54. Bf5 Ke5 55. Ke2 Bb6 56. Kf3 Kf6 57. Kg4 Bc7 58. Kh5 Kg7 59. Bg6 Bb6 60. e5 Bxe3 61. a5 Kf8 62. a6 Ke7 63. Bf5 Kd8 64. Bg4 Kc7 65. Kg6 Kb6 66. e6 Bc5 67. Be2 Bd6 68. Kxh6 1-0

[Event "Marianske Lazne op"]
[Site "Marianske Lazne"]
[Date "2005.01.27"]
[Round "7.8"]
[White "Most, Zdenek"]
[Black "Ilandzis, Spyridon"]
[Result "0-1"]
[WhiteElo "2145"]
[BlackElo "2231"]
[PlyCount "46"]
[EventDate "2005.01.22"]
[EventType "swiss"]
[EventRounds "9"]
[EventCountry "CZE"]
[SourceTitle "CBM 104 Extra"]
[Source "ChessBase"]
[SourceDate "2005.03.01"]
[SourceVersion "1"]
[SourceVersionDate "2005.03.01"]
[SourceQuality "1"]

1. d4 Nf6 2. Nf3 e6 3. g3 b6 4. Bg2 Bb7 5. 0-0 c5 6. c4 cxd4 7. Qxd4 Be7 8. Nc3 0-0 9. b3 a6 10. Bb2 d6 11. Rad1 Nbd7 12. Rd2 Qc7 13. Ne1 Rfd8 14. Bxb7 Qxb7 15. Ng2 b5 16. cxb5 axb5 17. Qd3 b4 18. Qb5 Qxb5 19. Nxb5 Ne4 20. Rd4 d5 21. Rxe4 dxe4 22. Ra1 Bf6 23. Nd4 Nc5 0-1

[Event "CZE-chT2a 0405"]
[Site "Czech Republic"]
[Date "2004.12.05"]
[Round "4.4"]
[White "Most, Zdenek"]
[Black "Blecha, Miroslav"]
[Result "1/2-1/2"]
[WhiteElo "2145"]
[BlackElo "2158"]
[PlyCount "39"]
[EventDate "2004.10.17"]
[EventType "team"]
[EventRounds "11"]
[EventCountry "CZE"]
[SourceTitle "EXT 2007"]
[Source "ChessBase"]
[SourceDate "2006.11.23"]
[SourceVersion "1"]
[SourceVersionDate "2006.11.23"]
[SourceQuality "1"]
[WhiteTeam "Habartov"]
[BlackTeam "Plzen Letna"]
[WhiteTeamCountry "CZE"]
[BlackTeamCountry "CZE"]

1. d4 Nf6 2. Nf3 c5 3. g3 g6 4. Bg2 Bg7 5. 0-0 cxd4 6. Nxd4 Nc6 7. c4 Nxd4 8. Qxd4 0-0 9. Nc3 d6 10. Qd2 Qc7 11. b3 Bd7 12. Bb2 Bc6 13. Nd5 Bxd5 14. cxd5 Rfc8 15. Rfc1 Qb6 16. e4 Nd7 17. Bxg7 Kxg7 18. Rxc8 Rxc8 19. Bh3 Ne5 20. Kh1 1/2-1/2

[Event "CZE-chT2a 0405"]
[Site "Czech Republic"]
[Date "2004.11.07"]
[Round "2.4"]
[White "Simak, Pavel"]
[Black "Most, Zdenek"]
[Result "1/2-1/2"]
[WhiteElo "2106"]
[BlackElo "2145"]
[PlyCount "103"]
[EventDate "2004.10.17"]
[EventType "team"]
[EventRounds "11"]
[EventCountry "CZE"]
[SourceTitle "EXT 2007"]
[Source "ChessBase"]
[SourceDate "2006.11.23"]
[SourceVersion "1"]
[SourceVersionDate "2006.11.23"]
[SourceQuality "1"]
[WhiteTeam "Tabor II"]
[BlackTeam "Habartov"]
[WhiteTeamCountry "CZE"]
[BlackTeamCountry "CZE"]

1. d4 Nf6 2. c4 g6 3. Nc3 Bg7 4. e4 d6 5. f3 0-0 6. Be3 Na6 7. Qd2 c5 8. d5 e6 9. Bd3 exd5 10. cxd5 Nc7 11. Nge2 a6 12. a4 b6 13. 0-0 Re8 14. Rfe1 Rb8 15. Bg5 Qe7 16. Ng3 Qf8 17. Bc2 h6 18. Bf4 Nd7 19. Nf1 Ne5 20. Ne3 Qe7 21. Bg3 b5 22. axb5 Nxb5 23. f4 Nd7 24. Nc4 Bd4+ 25. Kh1 Qf6 26. e5 dxe5 27. fxe5 Nxe5 28. Nxe5 Rxe5 29. Bxe5 Bxe5 30. Nxb5 axb5 31. Qxh6 Bb7 32. Rf1 Qg7 33. Qxg7+ Kxg7 34. Be4 Bxb2 35. Rab1 Re8 36. Bd3 c4 37. Rxb2 cxd3 38. Rxb5 Ba8 39. h3 Re5 40. Rd1 Bxd5 41. Kg1 Bf3 42. Rxe5 Bxd1 43. Rd5 Bc2 44. Kf2 Kf6 45. Ke3 Ke6 46. Rd4 Ke5 47. Rd8 Kf5 48. Rd5+ Ke6 49. Ra5 Kf6 50. h4 Kg7 51. Kd2 f5 52. h5 1/2-1/2

[Event "CZE-chT2J 0203"]
[Site "Czech Republic"]
[Date "2003.??.??"]
[Round "4"]
[White "Most, Zdenek"]
[Black "Meszaros, Ludek"]
[Result "0-1"]
[WhiteElo "2148"]
[BlackElo "2162"]
[PlyCount "92"]
[EventDate "2002.10.??"]
[EventType "team"]
[EventRounds "11"]
[EventCountry "CZE"]
[SourceTitle "EXT 2007"]
[Source "ChessBase"]
[SourceDate "2006.11.23"]
[SourceVersion "1"]
[SourceVersionDate "2006.11.23"]
[SourceQuality "1"]

1. e4 e5 2. Nf3 Nc6 3. Bb5 a6 4. Bxc6 dxc6 5. 0-0 f6 6. d4 exd4 7. Nxd4 c5 8. Nb3 Qxd1 9. Rxd1 Bg4 10. f3 Bd7 11. Be3 b6 12. a4 a5 13. Nc3 0-0-0 14. Rd2 c4 15. Nd4 Bb4 16. Ndb5 Ne7 17. Rad1 Bxb5 18. Rxd8+ Rxd8 19. Rxd8+ Kxd8 20. Nxb5 Ng6 21. f4 Kd7 22. c3 Be7 23. Kf2 c6 24. Nd4 Bc5 25. Ne2 Kd6 26. g3 Ne7 27. Bd4 b5 28. e5+ Kd5 29. exf6 gxf6 30. Bxc5 Kxc5 31. Ke3 Nd5+ 32. Ke4 b4 33. g4 Nb6 34. g5 fxg5 35. fxg5 Nxa4 36. h4 Nxc3+ 37. Nxc3 bxc3 38. bxc3 a4 39. h5 a3 40. g6 hxg6 41. h6 a2 42. h7 a1Q 43. h8Q Qb1+ 44. Ke3 Qd3+ 45. Kf4 Qd6+ 46. Kg5 Qg3+ 0-1

[Event "Nachod op 8th"]
[Site "Nachod"]
[Date "2002.??.??"]
[Round "9"]
[White "Most, Zdenek"]
[Black "Killar, Marek"]
[Result "1-0"]
[WhiteElo "2115"]
[BlackElo "1990"]
[PlyCount "75"]
[EventDate "2002.??.??"]
[EventType "swiss"]
[EventRounds "9"]
[EventCountry "CZE"]
[SourceTitle "EXT 2007"]
[Source "ChessBase"]
[SourceDate "2006.11.23"]
[SourceVersion "1"]
[SourceVersionDate "2006.11.23"]
[SourceQuality "1"]

1. d4 Nf6 2. Nf3 g6 3. g3 Bg7 4. Bg2 0-0 5. c4 d6 6. Nc3 c5 7. d5 e5 8. Qc2 Na6 9. 0-0 Nc7 10. e4 a6 11. a4 b6 12. Rb1 a5 13. Ne1 Na6 14. Nd3 Nb4 15. Nxb4 axb4 16. Ne2 Bd7 17. b3 Qc8 18. f4 Nh5 19. f5 Nf6 20. h3 h5 21. Be3 Nh7 22. Rf2 Bf6 23. Rbf1 g5 24. Bf3 h4 25. gxh4 gxh4 26. Bh6 Re8 27. Bh5 Re7 28. Rg2+ Kh8 29. Kh2 b5 30. cxb5 c4 31. bxc4 Qc5 32. Rfg1 Bxf5 33. exf5 e4 34. Bg7+ Bxg7 35. Rxg7 Nf6 36. Nf4 b3 37. Qg2 Qd4 38. Qg5 1-0